| 000 | 00687nam a2200217 i 4500 | ||
|---|---|---|---|
| 001 | 73229 | ||
| 003 | ES-MaACL | ||
| 005 | 20250822054037.0 | ||
| 007 | t| | ||
| 008 | 040922s1997 sp ||||1| spa d | ||
| 080 | _a821.134.2-14"19" | ||
| 100 | 1 |
_aDuque, Aquilino. _946145 |
|
| 245 | 1 | 0 | _aAquilino Duque. |
| 260 |
_a[Málaga] : _bCentro Cultural Generación del 27, _c1997. |
||
| 300 |
_a[16] p. : _b1 retr. ; _c22 cm. |
||
| 490 | 1 |
_aLas lecturas poéticas ; _v21 |
|
| 710 | 2 |
_aCentro Cultural Generación del 27. _92582 |
|
| 830 | 0 | 4 |
_aLas lecturas poéticas (Centro Cultural Generación del 27) _v21 _9183386 |
| 852 |
_aES-MaACL _j2180-F-24 _bR.126432 |
||
| 999 |
_c73229 _d73229 |
||